[Event "Boavista Masters"]
[Site "Porto POR"]
[Date "1999.12.28"]
[Round "2"]
[White "Spraggett,K"]
[Black "Georgiev,Vl"]
[Result "0-1"]
[WhiteElo "2521"]
[BlackElo "2519"]

1.e4 c5 2.Nf3 Nc6 3.Bb5 g6 4.O-O Bg7 5.c3 Nf6 6.Qe2 O-O 7.d4 cxd4 8.cxd4 a6
9.Ba4 b5 10.Bb3 Na5 11.Bc2 Bb7 12.Nc3 Rc8 13.Bd3 d6 14.Re1 Nd7 15.h3 Re8
16.Be3 Nc4 17.Bg5 h6 18.Bc1 Qa5 19.Rb1 Qc7 20.Nd1 Na5 21.Ne3 Nf6 22.Nf1 e5
23.dxe5 dxe5 24.Bd2 Nc6 25.Ng3 Qd6 26.Rbd1 Qe6 27.Bb1  0-1

[Event "8th Danube Open"]
[Site "Aschach AUT"]
[Date "1999.12.29"]
[Round "5"]
[White "Balinov,I"]
[Black "Schelle,A"]
[Result "0-1"]
[WhiteElo "2448"]
[BlackElo "2160"]

1.e4 c5 2.Nf3 Nc6 3.Bb5 e6 4.O-O Nge7 5.c3 d5 6.exd5 Qxd5 7.d4 cxd4 8.Qe2 Bd7
9.cxd4 Nf5 10.Nc3 Nfxd4 11.Nxd4 Nxd4 12.Qg4 h5 13.Qd1 Qd6 14.Ne4 Qd5 15.Nc3 Qd6
16.Ne4 Qd5 17.Bxd7+ Qxd7 18.Bf4 Be7 19.Rc1 Nc6 20.Qf3 e5 21.Rfd1 Qe6 22.Ng5 Qg6
23.Be3 O-O 24.h4 Rad8 25.a3 Bxg5 26.hxg5 Rfe8 27.g3 Rxd1+ 28.Qxd1 Rd8 29.Qf3 Nd4
30.Bxd4 exd4 31.Qxb7 Qxg5 32.Rd1 h4 33.Kg2 a5 34.Rd3 Rd5 35.b4 axb4 36.axb4 Qf5  0-1

[Event "Challengers"]
[Site "Hastings ENG"]
[Date "1999.12.29"]
[Round "1"]
[White "Rendle,T"]
[Black "Beshukov,S"]
[Result "1/2-1/2"]
[WhiteElo "2119"]
[BlackElo "2506"]

1.e4 c5 2.Nf3 Nc6 3.Bb5 g6 4.O-O Bg7 5.Bxc6 dxc6 6.Qe2 Bg4 7.c3 Nf6 8.Rd1 e5
9.d3 Nd7 10.Nbd2 Nf8 11.h3 Bxf3 12.Nxf3 Ne6 13.Be3 O-O 14.Qd2 Qe7 15.Ng5 b6
16.Nxe6 Qxe6 17.Rf1 Rfd8 18.Qe2 Rd6 19.Rfd1 Rad8 20.Rd2 f5 21.f3 Bf6 22.a3 Qb3
23.Qd1 Qxd1+ 24.Raxd1 f4 25.Bf2 c4 26.d4 exd4 27.cxd4 c5 28.d5 c3 29.bxc3 Bxc3
30.Rc2 Be5 31.a4 Kf7 32.Kf1 Rc8 33.Bd4 Kf6 34.Bxe5+ Kxe5 35.Rc4 g5 36.Ke2 h5
37.Kd3 Rg6 38.Rh1 Rg7 39.Rc2 Rcg8 40.Kc4 Rg6 41.Rd2 Rd6 42.Rb2 Rd7 43.Rd2 Rg6
44.Re2 Rh6 45.Ree1 Rdh7 46.Rh2 Rf6 47.Reh1 Rh8 48.Kc3 Rh7 49.Kc4 Rfh6 50.Kc3  1/2-1/2

[Event "Weihnachtsopen"]
[Site "Zurich SUI"]
[Date "1999.12.29"]
[Round "6"]
[White "Czebe,A"]
[Black "Pelletier,Y"]
[Result "1-0"]
[WhiteElo "2414"]
[BlackElo "2479"]

1.e4 c5 2.Nf3 Nc6 3.Bb5 d6 4.Bxc6+ bxc6 5.O-O Bg4 6.h3 Bh5 7.Re1 e6 8.d3 Be7
9.Nbd2 e5 10.Nc4 Bxf3 11.Qxf3 Nf6 12.a3 Rb8 13.b4 cxb4 14.axb4 Rxb4 15.Rxa7 Qb8
16.Be3 c5 17.Rea1 Rb1+ 18.Rxb1 Qxb1+ 19.Kh2 Qb8 20.Rxe7+ Kxe7 21.Bg5 Qc8
22.Ne3 Qe6 23.Nd5+ Kd7 24.Bxf6 gxf6 25.Nxf6+ Kc6 26.g4 h6 27.Kg2 Ra8 28.Nd5 Ra1
29.Qe3 Kd7 30.Qd2 f5 31.Qc3 fxe4 32.Qxa1 Qxd5 33.Qa4+ Ke7 34.Qxe4 Qe6 35.c4 Qf6
36.Kg3 Kd8 37.h4 Kc7 38.Qf5 Qh8 39.Qf7+ Kb6 40.Qg6 Qf8 41.Qf5 Qh8 42.Qf7 Kc6
43.g5 hxg5 44.hxg5  1-0

[Event "Open"]
[Site "Groningen NED"]
[Date "1999.12.30"]
[Round "11"]
[White "Burnett,R"]
[Black "Van der Weide,K"]
[Result "1-0"]
[WhiteElo "2423"]
[BlackElo "2434"]

1.e4 c5 2.Nf3 Nc6 3.Bb5 e6 4.O-O Nge7 5.c3 a6 6.Ba4 b5 7.Bc2 Bb7 8.Qe2 d5
9.e5 d4 10.Be4 Ng6 11.d3 Be7 12.cxd4 cxd4 13.Nbd2 Qb6 14.Nb3 Rc8 15.Bd2 O-O
16.h4 Rfd8 17.h5 Nf8 18.Rac1 b4 19.h6 g6 20.Bg5 Bxg5 21.Nxg5 Nd7 22.f4 Ne7
23.Bxb7 Qxb7 24.Na5 Qd5 25.Nc4 Nf5 26.Qf2 Nxh6 27.Qh4 Kg7 28.Nd6 Rxc1 29.Rxc1 Rf8
30.Rc7 Nxe5 31.fxe5 Qxe5 32.Qxh6+  1-0

[Event "FASGBA Superior"]
[Site "ARG"]
[Date "1999.??.??"]
[Round "7"]
[White "Bertaccini, Daniel"]
[Black "Nedilsky, Diego"]
[Result "1-0"]
[WhiteElo "2230"]
[BlackElo "2330"]

1.e4 c5 2.Nf3 Nc6 3.Bb5 e6 4.Bxc6 bxc6 5.d3 Ne7 6.Nc3 Ng6 7.O-O Be7 8.Qe2 d5
9.b3 O-O 10.Na4 Qa5 11.c4 e5 12.h3 Kh8 13.Ba3 Nf4 14.Qc2 dxe4 15.dxe4 f6
16.Rad1 Be6 17.Qd2 Qc7 18.Bxc5 Rad8 19.Qe3 Bxc5 20.Nxc5 Bc8 21.Rfe1 Qf7 22.Nd3 Rxd3
23.Rxd3 Qg6 24.Nh4 Qg5 25.g3 Nxd3 26.Qxd3 Bxh3 27.Qd6 Rc8 28.Rd1 h6 29.Qe7 Qg4
30.Re1 Qd7 31.Qxd7 Bxd7 32.Rd1 Rc7 33.c5 Kh7 34.Rd6 h5 35.Ng2 Kg6 36.f4 exf4
37.gxf4 Kf7 38.Kf2 Be8 39.Ke3 g5 40.fxg5 fxg5 41.e5 Re7 42.Ke4 Bd7 43.Ne3 Bc8
44.Nf5 Bxf5+ 45.Kxf5 g4 46.Rh6 Kg8 47.Rxh5 g3 48.Rh1 Kf8 49.Rg1 Rg7 50.Kf6 g2
51.Ke6 Rg6+ 52.Kd7 Kf7 53.e6+ Rxe6 54.Rxg2 Rf6 55.Rd2 a5 56.Rd6 Rf2 57.Rxc6 Rxa2
58.Rd6 Re2 59.c6 Re7+ 60.Kd8 Re8+ 61.Kc7 Ke7 62.Rd3 Rh8 63.Re3+ Kf7 64.Kb7 Rh4
65.c7 Rb4+  1-0

[Event "Athens op"]
[Site "Athens"]
[Date "1999.??.??"]
[Round "4"]
[White "Paraskevaidis, Vasilios"]
[Black "Managadze, Nikoloz"]
[Result "0-1"]
[WhiteElo "2053"]
[BlackElo "2448"]

1.e4 c5 2.Nf3 Nc6 3.Bb5 Qc7 4.Nc3 Nf6 5.O-O g6 6.d3 Bg7 7.Bg5 O-O 8.Bxc6 dxc6
9.h3 h6 10.Be3 b6 11.Qd2 g5 12.Nh2 e5 13.g4 Rd8 14.Qe2 Nh7 15.Qf3 Nf8 16.Ne2 Ng6
17.Ng3 Nf4 18.Nf5 Bf8 19.Rfe1 Be6 20.Rad1 Rd7 21.Nf1 Rad8 22.Kh2 Bxa2 23.N1g3 Be6
24.Bxf4 exf4 25.Nh5 Bxf5 26.gxf5 Qe5 27.c3 f6 28.Rg1 b5 29.Kh1 Kh8 30.Rd2 b4
31.c4 a5 32.Ra1 Ra8 33.Qd1 Bd6 34.f3 Qd4 35.b3 Be5 36.Raa2 Qc3  0-1

[Event "Athens op"]
[Site "Athens"]
[Date "1999.??.??"]
[Round "5"]
[White "Ristic, Nenad"]
[Black "Grivas, Efstratios"]
[Result "0-1"]
[WhiteElo "2432"]
[BlackElo "2528"]

1.e4 c5 2.Nf3 Nc6 3.Bb5 d6 4.O-O Bd7 5.c3 Nf6 6.Re1 a6 7.Bxc6 Bxc6 8.d4 Bxe4
9.Bg5 Bd5 10.c4 Bxc4 11.Nc3 cxd4 12.Qxd4 Rc8 13.Bxf6 gxf6 14.Ne4 e5 15.Rac1 b5
16.Qa7 Be7 17.Ng3 Qd7 18.Qxa6 O-O 19.b3 Be6 20.Qa5 f5 21.Rcd1 Qb7 22.Qd2 f4
23.Ne4 Rfd8 24.Qb2 b4 25.h3 Bf5 26.Nfd2 f6 27.f3 d5 28.Nf2 Bc5 29.Nf1 Qb6
30.Re2 Bxf2+ 31.Rxf2 Rc2  0-1

[Event "Athens op"]
[Site "Athens"]
[Date "1999.??.??"]
[Round "5"]
[White "Tsiamis, Konstantinos"]
[Black "Nikolaidis, Ioannis"]
[Result "0-1"]
[WhiteElo "2127"]
[BlackElo "2510"]

1.e4 c5 2.Nf3 Nc6 3.Bb5 g6 4.c3 Nf6 5.e5 Nd5 6.d4 cxd4 7.Qb3 Nc7 8.Bc4 Ne6
9.cxd4 Na5 10.Qc3 Nxc4 11.Qxc4 Qc7 12.Qc3 Bg7 13.O-O d5 14.Be3 b6 15.Qd2 h6
16.Nc3 Qd7 17.Ne1 Ba6 18.Nd3 f5 19.f4 O-O 20.Rf2 Kh7 21.Nb4 Bb7 22.a4 a5
23.Nc2 Ba6 24.Na3 Rfc8 25.Rc1 Nc7 26.Qd1 e6 27.Qb3 Bf8 28.Rfc2 Bd3 29.Rd2 Be4
30.Rdd1 Rab8 31.Nab5 Nxb5 32.Nxb5 Bb4 33.Bf2 Rc4 34.Na3 Rxc1 35.Rxc1 Bd2
36.Rc5 bxc5 37.Qxb8 cxd4 38.Bxd4 Bxf4 39.Nb5 Bd3 40.Nd6 Ba6 41.Qa8 Qc7 42.Qxa6 Qc1+
43.Qf1 Bxh2+ 44.Kf2 Qd2+ 45.Kf3 g5 46.g4 Qxd4 47.gxf5 Bxe5 48.Qb1 Bxd6  0-1

[Event "AUT-chT2O 9899"]
[Site "AUT"]
[Date "1999.??.??"]
[Round "6"]
[White "Schwab, Rene"]
[Black "Thierjung, Helmut"]
[Result "1-0"]
[WhiteElo "2285"]
[BlackElo "2065"]

1.e4 c5 2.Nf3 Nc6 3.Bb5 g6 4.O-O Bg7 5.Re1 e5 6.b3 Nge7 7.Bb2 O-O 8.c3 Qb6
9.Na3 a6 10.Bf1 d6 11.Nc4 Qc7 12.Ne3 b5 13.d4 Rd8 14.Qc2 exd4 15.cxd4 Nb4
16.Qc1 f5 17.exf5 Nxf5 18.a4 Nxe3 19.Rxe3 Bf5 20.Nh4 Bd7 21.dxc5 Nd5 22.Rd3 Bc6
23.cxd6 Rxd6 24.Bxg7 Qxg7 25.Qc5 Rad8 26.Rad1 Qf6 27.axb5 axb5 28.Nf3 R6d7
29.Qd4 Qxd4 30.Rxd4 Nc3 31.Rxd7 Rxd7 32.Rc1 b4 33.Ne5 Rc7 34.Bc4+ Kg7 35.Kf1 Bb5
36.Bxb5 Nxb5 37.Rxc7+ Nxc7 38.Ke2 Ne6 39.Kd3 Nf4+ 40.Ke4 Nxg2 41.Nd3 Kf6
42.Nxb4 Ne1 43.Kf4 g5+ 44.Kg3 Ke5 45.f3 Kd4 46.Kf2 Kc3 47.Kxe1  1-0

[Event "AUT-chT2O 9899"]
[Site "AUT"]
[Date "1999.??.??"]
[Round "6"]
[White "Pernerstorfer, Johann"]
[Black "Somasundram, Jayakumar"]
[Result "1/2-1/2"]
[WhiteElo "2115"]
[BlackElo "2090"]

1.e4 c5 2.Nf3 Nc6 3.Bb5 g6 4.O-O Bg7 5.c3 e6 6.d4 Qb6 7.Bxc6 bxc6 8.Qa4 cxd4
9.cxd4 Nf6 10.Nc3 O-O 11.e5 Nd5 12.Nxd5 cxd5 13.Bd2 Ba6 14.Rfe1 Bb5 15.Qa3 Rfb8
16.Qe3 Bc6 17.b3 a5 18.Rab1 a4 19.bxa4 Qxb1 20.Rxb1 Rxb1+ 21.Ne1 Rxa4 22.Qd3 Rb2
23.a3 Bf8 24.Bc1 Bb5 25.Qc3 Re2 26.Nf3 Rc4 27.Qa1 Rcc2 28.Be3 Ra2 29.Qc1 Rec2
30.Qd1 Bxa3 31.h3 Bb4 32.Kh2 Be2 33.Qb1 Rcb2 34.Qc1 Bc4 35.Kg3 Rc2 36.Qb1 Rcb2
37.Qc1 d6 38.Nh2 h5 39.Nf3 Kh7 40.Kh4 Kg8 41.g4 Rc2 42.Qg1 hxg4 43.Qxg4 Be2
44.Qg5 Bxf3 45.Qd8+ Kh7 46.Qf6 Bd2 47.Qxf7+ Kh8 48.Qf8+ Kh7 49.Qh6+ Kg8 50.Qxg6+ Kf8
51.Qf6+ Kg8 52.Qxe6+ Kh7 53.Qh6+ Kg8 54.Qg6+ Kh8 55.Qf6+ Kh7 56.Qf7+ Kh8
57.e6 Bxe3 58.fxe3 Be4 59.e7 Ra8 60.Qf8+ Rxf8 61.exf8=Q+ Kh7 62.Qe7+ Kh8
63.Kh5 Rg2 64.Qf8+ Kh7 65.Qe7+ Rg7 66.Qxd6 Bf3+ 67.Kh4 Be4 68.Qf4 Kh8 69.Qf6 Kh7
70.Qf8 Rg8 71.Qf7+ Rg7 72.Qe8 Bg6 73.Qf8 Be4 74.Kh5 Rg2 75.Qh6+ Kg8 76.Qf4 Kh7
77.Kh4 Rg7 78.Qe5 Rg6 79.Qe7+ Rg7 80.Qe8 Bg6 81.Qa4 Be4 82.Qd1 Rg6 83.Kh5 Rg2
84.Qf1 Bg6+ 85.Kh4 Be4 86.Qf4 Rg7 87.Kh5 Rg2 88.Qh6+ Kg8 89.Qf6 Kh7  1/2-1/2

[Event "Aviles op"]
[Site "Aviles"]
[Date "1999.??.??"]
[Round "4"]
[White "Horvath, Adam"]
[Black "Pasc, Cristina"]
[Result "1-0"]
[WhiteElo "2437"]
[BlackElo "2042"]

1.e4 c5 2.Nf3 Nc6 3.Bb5 g6 4.O-O Bg7 5.c3 d6 6.d4 Bd7 7.h3 Qb6 8.Bxc6 Bxc6
9.Re1 e6 10.d5 Bd7 11.e5 dxe5 12.Nxe5 Bc8 13.Qf3 Bxe5 14.Rxe5 f6 15.Re1 e5
16.Na3 Ne7 17.Nc4 Qa6 18.Nxe5 O-O 19.Bh6 Rd8 20.Nc6  1-0

[Event "Avoine op"]
[Site "Avoine"]
[Date "1999.??.??"]
[Round "2"]
[White "Nevednichy, Vladislav"]
[Black "Beeckmans, Felix"]
[Result "1-0"]
[WhiteElo "2505"]
[BlackElo "2204"]

1.e4 c5 2.Nf3 Nc6 3.Bb5 g6 4.Bxc6 dxc6 5.h3 e5 6.d3 f6 7.O-O Nh6 8.c3 Nf7
9.Na3 Be7 10.Nc4 O-O 11.d4 Be6 12.b3 Qc7 13.Qe2 Rad8 14.Bb2 Rfe8 15.dxe5 fxe5
16.Ne3 Rf8 17.c4 h5 18.Rad1 Rd4 19.Nc2 Rxd1 20.Rxd1 Ng5 21.Nxe5 Bxh3 22.Qe3 Bg4
23.Nxg4 hxg4 24.e5 Qc8 25.Qd3 Qe6 26.Ne3 Rf4 27.Qd7 Kf7 28.Rd6 Qxd7 29.Rxd7 Ne4
30.Nd1 b5 31.cxb5 cxb5 32.Rxa7 b4 33.Ra6 Bg5 34.e6+ Ke7 35.Ne3 Nc3 36.Bxc3 bxc3
37.Nd5+ Kf8 38.Ra8+ Kg7 39.Ra7+ Kh6 40.Nxf4 Bxf4 41.Ra4  1-0

[Event "Avoine op"]
[Site "Avoine"]
[Date "1999.??.??"]
[Round "6"]
[White "Vallet, Marc"]
[Black "Sermier, Guillaume"]
[Result "0-1"]
[WhiteElo "2230"]
[BlackElo "2282"]

1.e4 c5 2.Nf3 Nc6 3.Bb5 d6 4.O-O Bd7 5.Re1 e5 6.c3 Nf6 7.d4 Qc7 8.Bg5 Be7
9.d5 Nb8 10.a4 O-O 11.h3 h6 12.Bc1 Kh7 13.Nbd2 b6 14.Bc4 a6 15.Nf1 Ra7 16.Qe2 Rb7
17.Ng3 b5 18.axb5 Bxb5 19.Nf5 Ng8 20.g4 g6 21.Ne3 Rc8 22.Kh1 Nf6 23.Qc2 Rh8
24.Rg1 Kg7 25.Bd2 Qc8 26.Rg3 Nbd7 27.Rag1 Nb6 28.Ba2 c4 29.Bb1 Na4 30.Ba2 Nc5
31.g5 Nfxe4 32.gxh6+ Rxh6 33.Kh2 Nxg3 34.Rxg3 Rh5 35.Bxc4 Bxc4 36.Nxc4 Qf5
37.Qxf5 Rxf5 38.Ne3 Rh5 39.b4 Ne4 40.Rg2 Rb8 41.Be1 Rbh8 42.Ng1 Bg5 43.Nc4 Bf4+
44.Kh1 Ng5 45.f3 Nxh3 46.Nxh3 Rxh3+ 47.Kg1 Rxf3 48.Ra2 Rd3 49.Bf2 Rh2 50.Kf1 Bg3  0-1

[Event "Bad Woerishofen op"]
[Site "Bad Woerishofen"]
[Date "1999.??.??"]
[Round "1"]
[White "Slobodjan, Roman"]
[Black "Ragsch, Klaus"]
[Result "1-0"]
[WhiteElo "2536"]
[BlackElo "2035"]

1.e4 c5 2.Nf3 Nc6 3.Bb5 g6 4.O-O Bg7 5.Nc3 e6 6.Re1 Nge7 7.e5 Qc7 8.Bxc6 Qxc6
9.d4 O-O 10.Bg5 Nd5 11.Nxd5 Qxd5 12.Be7 Re8 13.Bxc5 b6 14.Bd6 Bb7 15.a4 Rac8
16.b3 Bf8 17.c4 Qa5 18.Bxf8 Rxf8 19.Re3 Qb4 20.Ng5 Qe7 21.Ne4 Bxe4 22.Rxe4 d6
23.exd6 Qxd6 24.Qd2 Kg7 25.Rh4 h5 26.Re1 Rfe8 27.Rxh5 Rh8 28.Rxh8 Rxh8 29.h3 Rd8
30.Re4 e5 31.d5 f5 32.Re1  1-0

[Event "Bad Woerishofen op"]
[Site "Bad Woerishofen"]
[Date "1999.??.??"]
[Round "4"]
[White "Seul, Georg"]
[Black "Maugg, Ludwig"]
[Result "1-0"]
[WhiteElo "2441"]
[BlackElo "2160"]

1.e4 c5 2.Nf3 Nc6 3.Bb5 g6 4.Bxc6 dxc6 5.d3 Bg7 6.h3 Nf6 7.Nc3 b6 8.Be3 O-O
9.Qd2 Re8 10.O-O e5 11.a3 Ba6 12.b3 Qd6 13.Bh6 Bh8 14.Kh1 Nh5 15.Rae1 Bc8
16.g4 Nf4 17.Bxf4 exf4 18.e5 Bxe5 19.Ne4 Qd8 20.Nxe5 Rxe5 21.Qxf4 Re6 22.g5 Qd5
23.Re3 h6 24.h4 hxg5 25.hxg5 Qf5 26.Qh4 Bb7 27.Qh6 Re5 28.Rh3  1-0

[Event "ROM-ch sf"]
[Site "Baile Tusnad"]
[Date "1999.??.??"]
[Round "4"]
[White "Geanta, Horia"]
[Black "Moraru, Marius"]
[Result "1/2-1/2"]
[WhiteElo "2235"]
[BlackElo "2368"]

1.e4 c5 2.Nf3 Nc6 3.Bb5 g6 4.O-O Bg7 5.c3 Nf6 6.Re1 O-O 7.d4 cxd4 8.cxd4 d5
9.e5 Ne8 10.h3 Nc7 11.Bf1 f6 12.exf6 exf6 13.Nc3 Be6 14.Bf4 Bf7 15.Qd2 Ne6
16.Bh2 Qd7 17.Rac1 Rfe8 18.Bb5 Nf8 19.Na4 Rxe1+ 20.Nxe1 Rc8 21.Nd3 Qf5 22.Bxc6 Rxc6
23.Rxc6  1/2-1/2

[Event "ROM-ch sf"]
[Site "Baile Tusnad"]
[Date "1999.??.??"]
[Round "6"]
[White "Parligras, Cosmin"]
[Black "Moraru, Marius"]
[Result "1/2-1/2"]
[WhiteElo "2249"]
[BlackElo "2368"]

1.e4 c5 2.Nf3 Nc6 3.Bb5 Na5 4.O-O a6 5.Be2 g6 6.d4 cxd4 7.Qxd4 Nf6 8.e5 Nc6
9.Qh4 Nh5 10.Re1 Qa5 11.Bd2 Qc5 12.Nc3 Ng7 13.Na4 Qa7 14.c4 Nf5 15.Qe4 b5
16.cxb5 axb5 17.Nc3 Bb7 18.Nxb5 Qb8 19.Bf4 Ncd4 20.Qd3 Nxe2+ 21.Qxe2 Bg7
22.Nbd4  1/2-1/2

[Event "ROM-ch sf"]
[Site "Baile Tusnad"]
[Date "1999.??.??"]
[Round "6"]
[White "Vajda, Albert"]
[Black "Petre, Nad Titus"]
[Result "1/2-1/2"]
[WhiteElo "2356"]
[BlackElo "2233"]

1.e4 c5 2.Nf3 Nc6 3.Bb5 Na5 4.O-O a6 5.Be2 d6 6.d4 cxd4 7.Nxd4 Nf6 8.Nd2 g6
9.b3 Bg7 10.Bb2 O-O 11.c4 Bd7 12.Rc1 Rc8 13.Bd3  1/2-1/2

[Event "ATL-ch"]
[Site "Barranquilla"]
[Date "1999.??.??"]
[Round "1"]
[White "Cayon, Rafael"]
[Black "Fajardo, Carlos Emilio"]
[Result "1-0"]
[WhiteElo "2005"]
[BlackElo "2020"]

1.e4 c5 2.Nf3 Nc6 3.Bb5 g6 4.O-O Bg7 5.Re1 d6 6.Nc3 e5 7.Nd5 Ne7 8.d3 O-O
9.Bg5 f6 10.Bc4 Kh8 11.Be3 Nxd5 12.Bxd5 Qe8 13.Nd2 Be6 14.Nc4 Rd8 15.Bxe6 Qxe6
16.Qd2 b6 17.Bh6 d5 18.Bxg7+ Kxg7 19.exd5 Qxd5 20.Ne3 Qd4 21.Nd1 f5 22.Qg5 h6
23.Qg3 Qd6 24.Qh3 f4 25.Nc3 Nd4 26.Ne4 Qe7 27.Rac1 Rf5 28.c3 Rh5 29.Qg4 Rh4
30.Qd1 Ne6 31.f3 Rh5 32.Nf2 Ng5 33.d4 cxd4 34.cxd4 Ne6 35.d5 Qh4 36.Ng4 Rd7
37.dxe6 Rxd1 38.Rc7+ Kg8 39.Rxd1 Rf5 40.e7 Rf8 41.exf8=Q+ Kxf8 42.Nxe5 Qg5
43.Rdd7  1-0

[Event "ATL-ch"]
[Site "Barranquilla"]
[Date "1999.??.??"]
[Round "15"]
[White "Villegas, John"]
[Black "Barrios, Felix"]
[Result "0-1"]
[WhiteElo "1920"]
[BlackElo "2235"]

1.e4 c5 2.Nf3 Nc6 3.Bb5 e6 4.O-O Nge7 5.d4 cxd4 6.Nxd4 Ng6 7.Nc3 Qc7 8.Kh1 Bc5
9.Nb3 Be7 10.f4 d6 11.Be3 Bd7 12.Qe2 O-O 13.Rad1 Bf6 14.Qd2 Be7 15.Bc5 dxc5
16.Qxd7 Qb6 17.Bxc6 bxc6 18.Qd3 Rfd8 19.Qe2 a5 20.a4 Qb4 21.g3 e5 22.f5 Nf8
23.Rb1 Bg5 24.h4 Bh6 25.Rfd1 Nd7 26.Rd6 c4 27.Rbd1 Ra7 28.Qf2 cxb3 29.Qxa7 bxc2
30.Rxd7 cxd1=Q+ 31.Nxd1 Rf8 32.Nf2 Qe1+ 33.Kg2 Be3 34.Qb7 Qxf2+ 35.Kh3 h5
36.Qxc6 Qf1+ 37.Kh2 Qg1+  0-1

[Event "Oberliga Bayern9899"]
[Site "Bayern"]
[Date "1999.??.??"]
[Round "?"]
[White "Hofstetter, Hans Joachim"]
[Black "Heumann, Joern"]
[Result "1/2-1/2"]
[WhiteElo "2180"]
[BlackElo "2050"]

1.e4 c5 2.Nf3 Nc6 3.Bb5 g6 4.Nc3 Bg7 5.Bxc6 dxc6 6.h3 e5 7.d3 Ne7 8.Be3 b6
9.Qd2 O-O 10.a4 f6 11.a5 Be6 12.b3 Qc7 13.Na4 Rab8 14.Qc3 Kh8 15.h4 h6 16.Nd2 f5
17.f3 Kh7 18.Ke2 Nc8 19.Nc4 Re8 20.axb6 axb6 21.Nab2 Na7 22.h5 g5 23.Qd2 f4
24.Bf2 Nb5 25.c3 g4 26.Qc2 g3 27.Be1 Bf7 28.Bd2 Ra8 29.Ra4 Rxa4 30.bxa4 Nd6
31.Na3 b5 32.c4 b4 33.Nb1 Ra8 34.Bc1 Kh8 35.Nd2 Nb7 36.Nb3 Qd6 37.Qd1 Na5
38.Nxa5 Rxa5 39.Qg1 Qd7 40.Bd2 Qe8 41.Rh4 Kh7 42.Qh1 Bf6 43.d4 cxd4 44.Rg4 c5
45.Rg6 Bxg6 46.hxg6+ Qxg6 47.Qh3 Bg7 48.Nd3 Rxa4 49.Nxc5 Ra2 50.Qd7 b3 51.Nxb3 Qa6
52.Qf7 Ra4 53.Na5 Ra3 54.Bb4 Ra2+ 55.Kd3 Rxg2 56.Nc6 Qc8 57.Ne7 Qb8 58.Qg6+ Kh8
59.Nf5 Qg8 60.Nd6 Qb8  1/2-1/2

[Event "Regionalliga NW9899"]
[Site "Bayern"]
[Date "1999.??.??"]
[Round "?"]
[White "Rink, Christian"]
[Black "Sadeghi, Behrang"]
[Result "1-0"]
[WhiteElo "2085"]
[BlackElo "2065"]

1.e4 c5 2.Nf3 Nc6 3.Bb5 g6 4.O-O Bg7 5.c3 Nf6 6.d3 O-O 7.Qe2 Na5 8.Rd1 a6
9.Ba4 b5 10.Bc2 Bb7 11.Nbd2 Qc7 12.Nf1 Rac8 13.Ng3 e5 14.h4 d5 15.h5 c4 16.h6 Bh8
17.Ng5 cxd3 18.Rxd3 dxe4 19.N3xe4 Nxe4 20.Nxe4 Nc4 21.b3 f5 22.Ng5 Qc6 23.Rg3 Nd6
24.a4 b4 25.c4 e4 26.Rb1 Be5 27.f4 Bd4+ 28.Kh1 Nf7 29.Qd2 Bc3 30.Rxc3 bxc3
31.Qxc3 Nxg5 32.Qg7+  1-0

[Event "Regionalliga NO9899"]
[Site "Bayern"]
[Date "1999.??.??"]
[Round "?"]
[White "Grabert, Ralf"]
[Black "Roeder, Frank"]
[Result "1/2-1/2"]
[WhiteElo "2245"]
[BlackElo "2225"]

1.e4 c5 2.Nf3 Nc6 3.Bb5 g6 4.O-O Bg7 5.Bxc6 dxc6 6.h3 e5 7.b3 Nh6 8.Bb2 Qe7
9.Qe2 O-O 10.Re1 f6 11.a4 Nf7 12.Na3 Nd8 13.Nc4 Ne6 14.Ba3 Rd8 15.a5 Bf8
16.Reb1 Nf4 17.Qe3 g5 18.b4 Be6 19.d3 Bxc4 20.dxc4 Qf7 21.bxc5 Qxc4 22.Qb3 Qxb3
23.Rxb3 Rd7  1/2-1/2

[Event "Oberliga Bayern9899"]
[Site "Bayern"]
[Date "1999.??.??"]
[Round "?"]
[White "Lickleder, Andreas"]
[Black "Dalinger, Valerie"]
[Result "0-1"]
[WhiteElo "2155"]
[BlackElo "2215"]

1.e4 c5 2.Nf3 Nc6 3.Bb5 Nf6 4.Bxc6 bxc6 5.d3 d6 6.O-O e5 7.Nbd2 Be7 8.Nc4 O-O
9.Ne3 Ne8 10.Ne1 d5 11.Qe2 Nc7 12.c4 dxe4 13.dxe4 Ne6 14.Nf5 Nd4 15.Nxd4 cxd4
16.Nd3 f6 17.Bd2 Be6 18.Rac1 a5 19.Rc2 a4 20.h3 Bd6 21.Kh2 f5 22.f3 Qd7 23.Nf2 f4
24.Rh1 Ra7 25.Qd1 Rb7 26.Nd3 Qf7 27.Qc1 g5 28.Kg1 h5 29.Be1 Qg6 30.Kf1 Rff7
31.Rf2 Rh7 32.Qc2 a3 33.b3 g4 34.Ke2 gxf3+ 35.gxf3 Rhg7 36.Rfh2 Qf6 37.Bf2 Rg6
38.Rg1 Rxg1 39.Bxg1 Rg7 40.Bf2 Rg6 41.Qc1 h4 42.Qh1 Be7 43.Be1 Qg7 44.Bf2 Kh7
45.Kf1 Bf6 46.Rg2 Rg3 47.Rh2 Qg8 48.Be1 Qe8 49.Nf2 Qd8 50.Ng4 Bxg4 51.hxg4 d3
52.Bc3 Kg6 53.Rd2 Be7 54.Bxe5 Bc5 55.Bxf4 Rg1+ 56.Qxg1 Bxg1 57.Kxg1 Qf6  0-1

[Event "Regionalliga SO9899"]
[Site "Bayern"]
[Date "1999.??.??"]
[Round "?"]
[White "Holzner, Stefan"]
[Black "Steinberg, Sven"]
[Result "1/2-1/2"]
[WhiteElo "1870"]
[BlackElo "1940"]

1.e4 c5 2.Nf3 Nc6 3.Bb5 e6 4.Bxc6 bxc6 5.b3 d6 6.Bb2 e5 7.h3 Nf6 8.d3 Be7
9.Na3 a5 10.Nc4 a4 11.O-O O-O 12.Nfd2 Nd7 13.f4 exf4 14.Rxf4 Bf6  1/2-1/2

[Event "Landesliga Sued 9899"]
[Site "Bayern"]
[Date "1999.??.??"]
[Round "?"]
[White "Rohrmueller, Ulrich"]
[Black "Fauth, Dietmar"]
[Result "1/2-1/2"]
[WhiteElo "2250"]
[BlackElo "2190"]

1.e4 c5 2.Nf3 Nc6 3.Bb5 d6 4.O-O e5 5.h3 Nf6 6.Re1 Be7 7.c3 Qb6 8.Na3 O-O
9.Bf1 Be6 10.Nc4 Qc7 11.Ng5 Bd7 12.d3 h6 13.Nf3 Be6 14.Ne3 d5 15.Nd2 Rad8
16.Qf3 Rfe8 17.Nf5 Qd7 18.Nxe7+ Qxe7 19.Be2 a6 20.Nf1 c4 21.Ng3 cxd3 22.Bxd3 d4
23.c4 Nb4 24.Bd2 Nxd3 25.Qxd3 Nd7 26.b3 Nf8 27.a4 Ng6 28.a5 Qf6 29.Nh5 Qh4
30.Qf3 Ne7 31.g4 Kh7 32.Qg3 Qxg3+ 33.Nxg3 g6 34.f3 Nc6 35.Kf2 Rf8 36.g5 hxg5
37.Bxg5 f6 38.Bd2 Kg7 39.h4 Rh8 40.Rh1 Rh7 41.h5 Rdh8 42.Rag1 g5 43.Rc1 Kh6
44.b4 Na7 45.b5 axb5 46.cxb5 Nxb5 47.a6 Re8 48.axb7 Rxb7 49.Rc6 Rc7 50.Rhc1 Rxc6
51.Rxc6 Kg7 52.Rb6 Nc3 53.Bxc3 dxc3 54.Rc6 Rc8 55.Rxe6 c2 56.Ne2 c1=Q 57.Nxc1 Rxc1
58.Kg2 Kh6 59.Rxf6+ Kxh5 60.Re6 Rc5  1/2-1/2

[Event "Landesliga Sued 9899"]
[Site "Bayern"]
[Date "1999.??.??"]
[Round "?"]
[White "Riediger, Martin"]
[Black "Schneider, Richard"]
[Result "1/2-1/2"]
[WhiteElo "2220"]
[BlackElo "2195"]

1.e4 c5 2.Nf3 Nc6 3.Bb5 g6 4.O-O Bg7 5.Re1 Nf6 6.c3 O-O 7.h3 Qb6 8.Na3 a6
9.Bf1 e5 10.d3 Qc7 11.Nc4 b5 12.Ne3 Rb8 13.Nh2 d6 14.Be2 Be6 15.Nhg4 Qd7
16.Nxf6+ Bxf6 17.Bg4 Bg7 18.Bxe6 fxe6 19.Ng4 d5 20.b3 a5 21.a4 Kh8 22.f3 Rb7
23.axb5 Rxb5 24.exd5 exd5 25.c4 Rb7 26.Ba3 Rfb8 27.Ne3 dxc4 28.bxc4 Nb4 29.Bxb4 axb4
30.Nd5 b3 31.Rb1 b2 32.Qc2 Bh6 33.Rxe5 Bg7 34.Re7 Bd4+ 35.Kh1 Qxe7 36.Nxe7 Rxe7
37.Kh2 Ra7 38.Qe2 Ra1 39.Rxb2 Rxb2 40.Qe8+ Kg7 41.Qe7+ Kg8 42.Qe8+ Kg7  1/2-1/2

[Event "Landesliga Sued 9899"]
[Site "Bayern"]
[Date "1999.??.??"]
[Round "?"]
[White "Turcan, Milan"]
[Black "Feldbacher, Harald"]
[Result "1/2-1/2"]
[WhiteElo "2090"]
[BlackElo "2070"]

1.e4 c5 2.Nf3 Nc6 3.Bb5 e6 4.Bxc6 bxc6 5.O-O Ne7 6.e5 Ng6 7.d3 Be7 8.Nc3 f6
9.Qe2 fxe5 10.Nxe5 Nxe5 11.Qxe5 O-O 12.Qg3 d5 13.Ne2 Bh4 14.Qe3 Qd6 15.c3 e5
16.b3 d4 17.Qe4 Be7 18.cxd4 cxd4 19.Ng3 Bf6 20.Qe2 Bd7 21.Ne4 Qe7 22.Bd2 Rac8
23.Rfc1 Be6 24.Rc2 Bd5 25.Rac1 Bh4 26.g3 Bf6 27.Rc5 Qe6 28.Ra5 Rf7 29.Bb4 Rb8
30.Bc5 Ra8 31.h4 h6 32.Re1 Bd8 33.Ra6 Qc8 34.Ra4 Qh3 35.Bd6 Bc7 36.Bxc7 Rxc7
37.Qh5 Re7 38.Qg6 Rf8 39.Ra5 Ref7 40.Re2 Kh8 41.Rc5 Rf6 42.Qh5 Rf3 43.Qxe5 Rxd3
44.Rc1 Kh7  1/2-1/2

[Event "Landesliga Sued 9899"]
[Site "Bayern"]
[Date "1999.??.??"]
[Round "?"]
[White "Heiduczek, Josef"]
[Black "Wild, Rudolf"]
[Result "0-1"]
[WhiteElo "2170"]
[BlackElo "2150"]

1.e4 c5 2.Nf3 Nc6 3.Bb5 g6 4.O-O Bg7 5.c3 Qb6 6.Na3 a6 7.Bxc6 Qxc6 8.d4 d6
9.Re1 b5 10.Bf4 Bg4 11.d5 Qc8 12.h3 Bxf3 13.Qxf3 f6 14.Qe3 g5 15.Bg3 h5 16.b4 g4
17.h4 Nh6 18.Rac1 Nf7 19.c4 Bh6 20.Bf4 Bxf4 21.Qxf4 Ne5 22.Qe3 cxb4 23.cxb5 Qd7
24.Nc4 Nxc4 25.Rxc4 Qxb5 26.Rec1 Kf7 27.Qf4 Ra7 28.Rc8 Rxc8 29.Rxc8 Kg7 30.Rd8 Qb6
31.Re8 Qb5 32.Rd8 Qb6 33.Re8 Qb5 34.Rc8 Qd7 35.Qc1 a5 36.Rc4 Rb7 37.Qb2 Qb5
38.Rc8 Qd7 39.Rc4 Rc7 40.Rd4 Qc8 41.Rd2 Rc1+ 42.Kh2 Rc3 43.Re2 g3+ 44.fxg3 Qg4  0-1

[Event "Berlin"]
[Site "Berlin"]
[Date "1999.??.??"]
[Round "3"]
[White "Velicka, Petr"]
[Black "Wells, Peter K"]
[Result "1/2-1/2"]
[WhiteElo "2440"]
[BlackElo "2475"]

1.e4 c5 2.Nf3 Nc6 3.Bb5 g6 4.Bxc6 dxc6 5.d3 Bg7 6.h3 b6 7.a4 a5 8.Nbd2 Ba6
9.Qe2 Nf6 10.Nc4 O-O 11.O-O Qc7 12.e5 Nd5 13.Bd2 Rad8 14.Rae1 Bc8 15.Ng5 h6
16.Ne4 Qb8 17.f4 f5 18.Nf2 Be6 19.Kh2 Qc7 20.g3 Rd7 21.b3 Nb4 22.Be3 Rfd8
23.Rg1 Kh7 24.Bc1 b5 25.Nb2 Nd5 26.Bd2 Nb4 27.Be3 Qb6 28.Ra1 Nd5 29.Bd2 Nb4
30.Be3 Nd5 31.Bd2  1/2-1/2

[Event "Berlin"]
[Site "Berlin"]
[Date "1999.??.??"]
[Round "6"]
[White "Rabiega, Robert"]
[Black "Wells, Peter K"]
[Result "0-1"]
[WhiteElo "2475"]
[BlackElo "2475"]

1.e4 c5 2.Nf3 Nc6 3.Bb5 g6 4.O-O Bg7 5.Nc3 e5 6.Bxc6 bxc6 7.d3 d6 8.a3 Ne7
9.Be3 f5 10.b4 f4 11.Bd2 cxb4 12.axb4 O-O 13.b5 Bg4 14.h3 Bh5 15.g4 fxg3
16.fxg3 Bxf3 17.Rxf3 Rxf3 18.Qxf3 cxb5 19.Qg4 b4 20.Qe6+ Kh8 21.Nb5 Qb6+
22.Kh1 Qf2 23.Rg1 Qxd2 24.Nxd6 Rf8 25.Qxe7 Rf2 26.Nf7+ Kg8 27.Qe8+ Bf8 28.Nh6+ Qxh6
29.Qe6+ Kh8 30.Qxe5+ Qg7 31.Qd5 Qf7  0-1